House price increases 'reaching the ceiling' (Record no. 64044)

MARC details
000 -LEADER
fixed length control field 00844cam a2200217 4500
001 - CONTROL NUMBER
control field WB3627-13
008 - FIXED-LENGTH DATA ELEMENTS--GENERAL INFORMATION
fixed length control field 000000n2000 000 0 eng u
035 ## - SYSTEM CONTROL NUMBER
System control number (Sirsi) u107097
245 ## - TITLE STATEMENT
Title House price increases 'reaching the ceiling'
260 ## - PUBLICATION, DISTRIBUTION, ETC.
Date of publication, distribution, etc. 2000
490 ## - SERIES STATEMENT
Series statement Daily Telegraph
Volume/sequential designation 12 July 2000, 32
490 ## - SERIES STATEMENT
Series statement Independent
Volume/sequential designation 12 July 2000, 5(2)
520 ## - SUMMARY, ETC.
Summary, etc. Nationwide Building Society reports house price rises have slowed down over the second quarter and now appear to have peaked. There was variation between certain areas, with Lewisham and Brighton among some places experiencing sharp rises.
590 ## - LOCAL NOTE (RLIN)
Local note WB
650 ## - SUBJECT ADDED ENTRY--TOPICAL TERM
Topical term or geographic name entry element HOUSE PRICES
650 ## - SUBJECT ADDED ENTRY--TOPICAL TERM
Topical term or geographic name entry element NATIONWIDE BUILDING SOCIETY
650 ## - SUBJECT ADDED ENTRY--TOPICAL TERM
Topical term or geographic name entry element HALIFAX
650 ## - SUBJECT ADDED ENTRY--TOPICAL TERM
Topical term or geographic name entry element REGIONAL VARIATIONS
690 ## - LOCAL SUBJECT ADDED ENTRY--TOPICAL TERM (OCLC, RLIN)
Topical term or geographic name as entry element PROPERTY-RESIDENTIAL PROPERTY-RESIDENTIAL PROPERTY MARKET
942 ## - ADDED ENTRY ELEMENTS (KOHA)
Suppress in OPAC 0
Holdings
Withdrawn status Lost status Source of classification or shelving scheme Damaged status Not for loan Home library Current library Shelving location Date acquired Total Checkouts Full call number Barcode Date last seen Copy number Price effective from Koha item type
    Dewey Decimal Classification     London London News article 12/07/2000   WB3627-13 107097-1001 06/08/2019 1 06/08/2019 News article